000 00900nam a2200229 a 4500
005 20230608063554.0
008 991125s1992 mx 000 0 spa u
020 _a9682942861
035 _aUPN01000000129
049 _aLTG
050 4 _aLB1584
_bM6 1992 LM
245 0 0 _aA B C de los derechos humanos.
260 _aMéxico :
_bSEP,
_c1992.
300 _a56 p.
534 _pTítulo original:
_tABC la enseñanza de los derechos humanos / Centro de Derechos Humanos de las Naciones Unidas
500 _a"Programas emergentes de actualización del maestro y de reformulación de contenidos y materiales educativos"
650 4 _aCiencias sociales
_xEstudio y enseñanza (Elemental)
_92813
650 4 _aCivismo
_xEstudio y enseñanza (Elemental)
_92807
650 2 _aDerechos civiles
_xInterpretación y construcción
_97718
740 0 _aABC la enseñanza de los derechos humanos
905 _aLibro
999 _c129
_d129